000 00438nam a2200181Ia 4500
001 14590
005 20260306164925.0
008 260306t2011||||xx |||||||||||||| ||spa||
041 _aESP
082 _a515.33
_bZ945
100 _aZill G. Dennis
_eAUT
245 0 _aMatemáticas 1:
_bcálculo diferencial
260 _c2011
300 _avarias paginaciones :
_c27 cm.
650 _aGEN
654 _aCMA
942 _cLIB
_dJUS
_fJUS
_2ddc
_n
999 _c14590
_d14590